Global Design to Gain a Competitive Edge An Holistic and Collaborative Design Approach based on Computational Tools /

The globalisation of manufacturing industries leads to a thirst for rapid advancements in technological development and expertise in the fields of advanced design and manufacturing. In this scenario, both industry and academia have an urgent need to equip themselves of the latest knowledge and trend...

Full description

Bibliographic Details
Corporate Author: SpringerLink (Online service)
Other Authors: Yan, Xiu-Tian (Editor), Ion, William J. (Editor), Eynard, Benoit (Editor)
Format: Electronic eBook
Language:English
Published: London : Springer London, 2008.
Subjects:
Online Access:Full Text via HEAL-Link
LEADER 03580nam a22005775i 4500
001 978-1-84800-239-5
003 DE-He213
005 20151204171707.0
007 cr nn 008mamaa
008 100301s2008 xxk| s |||| 0|eng d
020 |a 9781848002395  |9 978-1-84800-239-5 
024 7 |a 10.1007/978-1-84800-239-5  |2 doi 
040 |d GrThAP 
050 4 |a TJ241 
072 7 |a TGXT  |2 bicssc 
072 7 |a TEC020000  |2 bisacsh 
082 0 4 |a 670  |2 23 
245 1 0 |a Global Design to Gain a Competitive Edge  |h [electronic resource] :  |b An Holistic and Collaborative Design Approach based on Computational Tools /  |c edited by Xiu-Tian Yan, William J. Ion, Benoit Eynard. 
264 1 |a London :  |b Springer London,  |c 2008. 
300 |a XIX, 888 p.  |b online resource. 
336 |a text  |b txt  |2 rdacontent 
337 |a computer  |b c  |2 rdamedia 
338 |a online resource  |b cr  |2 rdacarrier 
347 |a text file  |b PDF  |2 rda 
505 0 |a Front End of Engineering Design -- Engineering Knowledge Management and Design for X -- Detail Design and Design Analysis -- Simulation and Optimisation in Design -- New Mechanism and Device Design and Analysis -- Manufacturing Systems Design -- Collaborative and Creative Product Development and Manufacture. 
520 |a The globalisation of manufacturing industries leads to a thirst for rapid advancements in technological development and expertise in the fields of advanced design and manufacturing. In this scenario, both industry and academia have an urgent need to equip themselves of the latest knowledge and trends relating to design and manufacture. Global Design to Gain a Competitive Edge collects together papers from the 2008 International Conference on Advanced Design and Manufacture (ICADAM). This conference solicits both cutting edge fundamental research and recent industrial application papers, with a goal towards bringing together from all over the world design and manufacture practitioners from academia, government organisations and industry. Recent advancements, emerging trends and new challenges in the fields of design and manufacturing are covered, with a particular focus on the understanding of the impact of distributed team-based design and manufacture on research and industrial practices for global companies. The proceedings of ICADAM 2008 is divided into two volumes: Global Design to Gain a Competitive Edge: An Holistic and Collaborative Design Approach based on Computational Tools and Advanced Design and Manufacture to Gain a Competitive Edge: New Manufacturing Techniques and their Role in Improving Enterprise Performance. 
650 0 |a Engineering. 
650 0 |a Computer-aided engineering. 
650 0 |a Engineering design. 
650 0 |a Control engineering. 
650 0 |a Robotics. 
650 0 |a Mechatronics. 
650 0 |a Manufacturing industries. 
650 0 |a Machines. 
650 0 |a Tools. 
650 0 |a Materials science. 
650 1 4 |a Engineering. 
650 2 4 |a Manufacturing, Machines, Tools. 
650 2 4 |a Engineering Design. 
650 2 4 |a Computer-Aided Engineering (CAD, CAE) and Design. 
650 2 4 |a Control, Robotics, Mechatronics. 
650 2 4 |a Materials Science, general. 
700 1 |a Yan, Xiu-Tian.  |e editor. 
700 1 |a Ion, William J.  |e editor. 
700 1 |a Eynard, Benoit.  |e editor. 
710 2 |a SpringerLink (Online service) 
773 0 |t Springer eBooks 
776 0 8 |i Printed edition:  |z 9781848002388 
856 4 0 |u http://dx.doi.org/10.1007/978-1-84800-239-5  |z Full Text via HEAL-Link 
912 |a ZDB-2-ENG 
950 |a Engineering (Springer-11647)